| 000 | 00761 a2200205 4500 | ||
|---|---|---|---|
| 999 |
_c6082 _d6082 |
||
| 020 | _a0300065469 | ||
| 050 | 0 | 0 | _aHQ1236 HUM 1995 |
| 245 | 0 | 4 |
_aThe Human Rights Watch global report on women's human rights / _cHuman Rights Watch, Women's Rights Project. |
| 264 |
_aNew York: _bHuman Rights Watch, _c1995 |
||
| 300 | _axxi, 458 p. ; | ||
| 500 | _aIncludes bibliographic references | ||
| 504 | _aIncludes bibliographical references. | ||
| 650 | 0 | _aWomen's rights. | |
| 650 | 0 |
_aWomen _xCrimes against. |
|
| 650 | 0 | _aHuman rights. | |
| 710 | 2 | _aWomen's Rights Project (Human Rights Watch) | |
| 710 | 2 | _aHuman Rights Watch (Organization) | |
| 942 |
_2lcc _cBK _h1236 _iHUM _kHQ |
||